书目信息 |
| 题名: |
2011中国粮食生产水足迹与区域虚拟水流动报告
|
|
| 作者: | 吴普特 王玉宝 赵西宁 著 | |
| 分册: | ||
| 出版信息: | 北京 中国水利水电出版社 2013.08 |
|
| 页数: | 89页 | |
| 开本: | 28.5cm | |
| 丛书名: | ||
| 单 册: | ||
| 中图分类: | S279.2 | |
| 科图分类: | ||
| 主题词: | 农田水利 | |
| 电子资源: | ||
| ISBN: | 7-5170-1227-4 | |
| 000 | 00755nam0 2200205 450 | |
| 001 | 2238115530 | |
| 005 | 20221011104040.84 | |
| 010 | @a7-5170-1227-4@dCNY58.00 | |
| 100 | @a20221011d2013 km y0chiy0120 ea | |
| 101 | 0 | @achi |
| 102 | @aCN@b110000 | |
| 102 | @aCN@b110000 | |
| 200 | 1 | @a2011中国粮食生产水足迹与区域虚拟水流动报告@A2011 Zhong Guo Liang Shi Sheng Chan Shui Zu Ji Yu Qu Yu Xu Ni Shui Liu Dong Bao Gao@f吴普特 王玉宝 赵西宁著@FWu Pu Te Wang Yu Bao Zhao Xi Ning Zhu |
| 210 | @a北京@c中国水利水电出版社@d2013.08 | |
| 215 | @a89页@d28.5cm | |
| 606 | 0 | @a农田水利 |
| 690 | @aS279.2@v4 | |
| 701 | 0 | @a吴普特 王玉宝 赵西宁@AWu Pu Te Wang Yu Bao Zhao Xi Ning@4著 |
| 801 | 0 | @aCN@b大连网信软件有限公司图书馆·11@c20221011 |
| 905 | @aZUCC@dS279.2@eZY33 | |
| 2011中国粮食生产水足迹与区域虚拟水流动报告/吴普特 王玉宝 赵西宁著.-北京:中国水利水电出版社,2013.08 |
| 89页;28.5cm |
| ISBN 7-5170-1227-4:CNY58.00 |
| ● |
| 相关链接 |
|
|
|
|
正题名:2011中国粮食生产水足迹与区域虚拟水流动报告
索取号:S279.2/ZY33
 
预约/预借
| 序号 | 登录号 | 条形码 | 馆藏地/架位号 | 状态 | 备注 |
| 1 | 7905175 | 279051758 | 密集书库-资源管理系/ [索取号:S279.2/ZY33] | 在馆 |